|
|
|
|
| LEADER |
00892nam a22002297a 4500 |
| 003 |
GR-PaULI |
| 005 |
20210117211037.0 |
| 007 |
ta |
| 008 |
200212s1960 -us||||f |||| 001 0 eng d |
| 952 |
|
|
|0 0
|1 0
|2 lcc
|4 0
|6 QC0773 R O M
|7 1
|9 239232
|a MEDI
|b MEDI
|c DON
|d 2020-02-12
|i 6733
|l 0
|o QC773 ROM
|p 025000176137
|r 2020-02-12 00:00:00
|t 1
|v 2020.00
|w 2020-02-12
|y BKN
|z Δωρεά Β. Βαλαώρα (αίθουσα δωρεών)
|
| 999 |
|
|
|c 144421
|d 144421
|
| 040 |
|
|
|a GR-PaULI
|b gre
|c GR-PaULI
|e AACR2
|
| 060 |
|
|
|a QC773
|
| 100 |
1 |
|
|9 180028
|a Romer, Alfred,
|d 1906-
|e συγγραφέας
|
| 245 |
1 |
4 |
|a The restless atom /
|c Alfred Romer.
|
| 260 |
|
|
|a New York :
|b Anchor Books,
|c 1960.
|
| 300 |
|
|
|a 198 σ. ;
|c 18 εκ.
|
| 500 |
|
|
|a Περιέχει ευρετήριο.
|
| 650 |
|
4 |
|9 78
|a Πυρηνική φυσική
|
| 650 |
|
4 |
|9 82430
|a Ατομική φυσική
|
| 942 |
|
|
|2 lcc
|c BKN
|
| 998 |
|
|
|c ΜΑΝΙΑΚΗ
|d 2020
|